some might say oasis all lyrics - Statistics

General Stats
  • This quiz has been taken 111 times
  • The average score is 175 of 235
Answer Stats
lyrics % Correct
might
100%
say
100%
some
100%
a
98%
i
97%
the
97%
we
95%
in
92%
who
92%
go
90%
and
89%
that
89%
to
89%
it
87%
man
86%
rain
86%
tell
86%
day
84%
find
84%
will
84%
brighter
81%
sunshine
81%
you
81%
at
79%
follows
79%
never
79%
on
79%
need
78%
shine
76%
standing
76%
thunder
76%
ponder
75%
cannot
73%
education
73%
of
73%
should
73%
dont
71%
station
71%
been
68%
ive
67%
hell
65%
lives
63%
my
63%
they
63%
what
63%
believe
60%
heaven
60%
is
60%
no
60%
again
59%
dishes
59%
once
59%
all
57%
as
57%
shes
57%
brain
56%
sink
56%
time
56%
well
54%
full
52%
thoughts
52%
yeah
52%
dirty
51%
for
51%
got
51%
our
51%
over
51%
get
49%
fishes
46%
given
46%
youve
46%
if
43%
its
43%
know
43%
made
43%
reputation
43%
today
43%
friend
41%
sway
41%
wont
41%
elementary
40%
gently
40%
mine
40%
but
37%
kitchen
37%
overflowing
37%
preparation
37%
yours
37%
itching
33%
was
33%
cos
29%
hold
29%
dogs
17%
No matching quizzes found
Score Distribution
Percent of People with Each Score
Percentile by Number Answered
Your Score History
You have not taken this quiz